Site Design For Multifamily Housing : Creating Livable Connected Neighborhoods. (Record no. 16917)

MARC details
000 -LEADER
fixed length control field 00470nam a2200169Ia 4500
008 - FIXED-LENGTH DATA ELEMENTS--GENERAL INFORMATION
fixed length control field 220803s9999 xx 000 0 und d
020 ## - INTERNATIONAL STANDARD BOOK NUMBER
International Standard Book Number 9781610915465
041 ## - LANGUAGE CODE
Language code of text/sound track or separate title eng
082 ## - DEWEY DECIMAL CLASSIFICATION NUMBER
Classification number 721.0284
100 ## - MAIN ENTRY--PERSONAL NAME
Personal name Larco N
9 (RLIN) 26422
245 ## - TITLE STATEMENT
Title Site Design For Multifamily Housing : Creating Livable Connected Neighborhoods.
260 ## - PUBLICATION, DISTRIBUTION, ETC. (IMPRINT)
Place of publication, distribution, etc. Washington
Name of publisher, distributor, etc. Island Press
Date of publication, distribution, etc. 2014
300 ## - PHYSICAL DESCRIPTION
Extent 156p
500 ## - GENERAL NOTE
Keywords 35
650 ## - SUBJECT ADDED ENTRY--TOPICAL TERM
Topical term or geographic name as entry element Standards
9 (RLIN) 26423
700 ## - ADDED ENTRY--PERSONAL NAME
Personal name Kelsey K West A
9 (RLIN) 26424
Holdings
Withdrawn status Lost status Damaged status Not for loan Collection code Home library Current library Shelving location Date acquired Vendor Cost, normal purchase price Full call number Barcode Date last seen Cost, replacement price Bill Date Koha item type Original Barcode
      Reference Book of B Arch Dr. Bhanuben Nanavati College of Architecture Dr. Bhanuben Nanavati College of Architecture   19/10/2018 Word Book Shop 5900.80 728 LAR BNCA-BK-10727 03/08/2022 5935.80 16/10/2018 Reference book B10727